000 00605nam a2200193 a 4500
001 000017700
003 OSt
005 20201202105304.0
008 100330s1980 dr a 000 0 spa d
040 _aDO-SdBNP
_bspa
_cBNPHU
049 _aBNPD
082 _bA598p, 1980
110 1 _aRepublica Dominicana.
_bSecretaría de Estado de Agricultura.
_bDepartamento de Vida Silvestre.
_938543
245 1 0 _aAnimales protegidos.
260 _aSanto Domingo :
_bSecretaría de Estado de Agricultura,
_c1980.
300 _a93 p. :
_bil. ;
_c21 cm.
504 _aIncluye bibliografías [p. 93]
942 _2ddc
_cLBS1
999 _c17225
_d17225